[Event "C.to Regionale Sardegna"]
[Site "Capoterra ITA"]
[Date "2012.05.19"]
[Round "1"]
[White "Caredda, Giuseppe"]
[Black "Altea, Alessandro"]
[WhiteElo "1577"]
[BlackElo "1846"]
[Result "0-1"]
[PlyCount "209"]
[EventDate "2012.05.19"]

1. d4 Nf6 2. c4 Nc6 3. Nf3 e6 4. Nc3 Bb4 5. Qc2 d6 6. e3 O-O 7. Bd3 e5 8. dxe5
dxe5 9. Ng5 h6 10. Nge4 Be6 11. O-O Nxe4 12. Nxe4 f5 13. Ng3 e4 14. Be2 Bd6 15.
Rd1 Qh4 16. c5 Be7 17. b3 Ne5 18. Qc3 Ng4 19. Bxg4 Qxg4 20. Bb2 Bf6 21. Qc2
Bxb2 22. Qxb2 f4 23. exf4 Qxf4 24. Nh5 Qg5 25. Ng3 e3 26. Ne4 exf2+ 27. Nxf2
Qxc5 28. Rac1 Qb6 29. Qd4 Qxd4 30. Rxd4 c6 31. Rd6 Bd5 32. Rd7 Rf7 33. Rxf7
Kxf7 34. Rf1 Ke7 35. Re1+ Kd7 36. Nd3 Re8 37. Rf1 Re2 38. Nf4 Re7 39. Nxd5 cxd5
40. Rf2 Kd6 41. Kf1 Kc5 42. Rc2+ Kb4 43. Rd2 Rd7 44. Ke2 d4 45. Rd3 Ka3 46. Rd2
a5 47. Kd3 b5 48. g4 Kb4 49. Rc2 Rf7 50. Ke4 Rd7 51. Kd3 a4 52. bxa4 Kxa4 53.
h3 Ka3 54. Re2 b4 55. Rc2 Ka4 56. Rc4 Ka3 57. Rc2 Rd6 58. Re2 Rc6 59. Rh2 Rc3+
60. Kxd4 Rf3 61. Kc4 Rf1 62. Rd2 Rc1+ 63. Kb5 Rc3 64. Rh2 Rf3 65. Kc4 Ka4 66.
Kc5 Rc3+ 67. Kd4 Kb5 68. Kd5 Rf3 69. Ke4 Rc3 70. h4 Ra3 71. Kf5 Ra6 72. g5 g6+
73. Kf4 hxg5+ 74. Kxg5 Kc4 75. Rc2+ Kd3 76. Rh2 Kc3 77. Kf4 Ra5 78. Ke3 Rh5 79.
Rg2 Rxh4 80. Kf3 Rh3+ 81. Kg4 Rd3 82. Kg5 Rd2 83. Rg3+ Rd3 84. Rg2 Rd6 85. Kf4
Rd2 86. Rg3+ Kc4 87. Rxg6 Rxa2 88. Rc6+ Kb3 89. Ke3 Rc2 90. Rb6 Rc4 91. Kd3 Rc5
92. Kd4 Rc8 93. Kd5 Rc4 94. Rb5 Kc3 95. Ra5 b3 96. Ra3 Rc8 97. Ke4 Rd8 98. Ra6
b2 99. Rc6+ Kb3 100. Rb6+ Ka2 101. Ra6+ Kb1 102. Ra5 Rc8 103. Kd3 Kc1 104. Ra4
b1=Q+ 105. Ke2 0-1

[Event "C.to Regionale Sardegna"]
[Site "Capoterra ITA"]
[Date "2012.05.19"]
[Round "1"]
[White "Dessy, Eugenio"]
[Black "Marchionni, Daniele"]
[WhiteElo "1662"]
[BlackElo "1395"]
[Result "1-0"]
[PlyCount "73"]
[EventDate "2012.05.19"]

1. d4 d5 2. Nf3 c5 3. e3 Nc6 4. c4 e6 5. Nc3 Nf6 6. cxd5 exd5 7. Bd3 Be7 8. O-O
O-O 9. a3 cxd4 10. exd4 Re8 11. h3 a6 12. Qc2 g6 13. Be3 Bd6 14. Bg5 Be6 15.
Rfe1 Be7 16. Rac1 b5 17. Nxb5 Rc8 18. Nc3 Qb6 19. Be3 Kg7 20. Qd2 Kh8 21. Na4
Qb8 22. Nc5 Qa7 23. Bxa6 Rb8 24. Bd3 Bxh3 25. gxh3 Ne4 26. Nxe4 dxe4 27. Bxe4
Na5 28. Bd5 Kg7 29. Ne5 f6 30. Bh6+ Kh8 31. Nf7+ Kg8 32. Nd6+ Kh8 33. Nxe8 Rxe8
34. Qf4 Qb6 35. Bf7 g5 36. Rxe7 Rxe7 37. Rc8+ 1-0

[Event "C.to Regionale Sardegna"]
[Site "Capoterra ITA"]
[Date "2012.05.19"]
[Round "1"]
[White "Di Pinto, Vincenzo"]
[Black "Mallo', Danilo"]
[WhiteElo "1609"]
[BlackElo "1921"]
[Result "0-1"]
[PlyCount "47"]
[EventDate "2012.05.19"]

1. d4 d5 2. Nf3 Nf6 3. Bf4 e6 4. e3 c5 5. Be2 Nc6 6. O-O Be7 7. Nbd2 c4 8. c3
O-O 9. Qc2 Nh5 10. Bg3 Nxg3 11. fxg3 f5 12. b4 g5 13. Kh1 g4 14. Ng1 Bg5 15. h4
Bxh4 16. Kh2 Bg5 17. Rae1 h5 18. Bd1 h4 19. gxh4 Qc7+ 20. g3 Bxh4 21. Ne2 Bxg3+
22. Nxg3 Qh7+ 23. Kg1 Qh3 24. Rf2 0-1

[Event "C.to Regionale Sardegna"]
[Site "Capoterra ITA"]
[Date "2012.05.19"]
[Round "1"]
[White "Ibba, Isacco"]
[Black "Corona, Rafaele"]
[WhiteElo "2207"]
[BlackElo "1620"]
[Result "1-0"]
[PlyCount "45"]
[EventDate "2012.05.19"]

1. d4 d5 2. Nf3 e6 3. c4 c6 4. Nc3 Bd6 5. e4 dxe4 6. Nxe4 Bc7 7. Bd3 Ne7 8. O-O
O-O 9. Re1 Nf5 10. Qe2 Nxd4 11. Nxd4 Qxd4 12. Be3 Qd8 13. Rad1 Nd7 14. Qh5 e5
15. Bg5 f6 16. Nxf6+ Rxf6 17. Bxh7+ Kf8 18. Bg6 Bb6 19. c5 Bxc5 20. Qh8+ Ke7
21. Bxf6+ gxf6 22. Qg7+ Ke6 23. Qf7# 1-0

[Event "C.to Regionale Sardegna"]
[Site "Capoterra ITA"]
[Date "2012.05.19"]
[Round "1"]
[White "Lobina, Giulio"]
[Black "Cao, Carlo"]
[WhiteElo "1837"]
[BlackElo "1573"]
[Result "1-0"]
[PlyCount "61"]
[EventDate "2012.05.19"]

1. b4 d5 2. Bb2 Nf6 3. Nf3 Bf5 4. e3 e6 5. b5 Bd6 6. Nc3 Nbd7 7. a4 O-O 8. Ne2
Qe7 9. Ng3 Bg6 10. Rc1 e5 11. h4 h6 12. h5 Bh7 13. Nh4 Qe6 14. c4 Nc5 15. cxd5
Nxd5 16. Nf3 Nb4 17. Rxc5 Bxc5 18. Nxe5 Nc2+ 19. Ke2 f6 20. Ng6 Nb4 21. Qc1
Bxg6 22. hxg6 Qd5 23. Ke1 Rfe8 24. Bc4 Nd3+ 25. Bxd3 Qxd3 26. Qxc5 Rad8 27. Qc3
Qxg6 28. Ne2 Rd3 29. Qc4+ Kh8 30. Nf4 Rdxe3+ 31. dxe3 1-0

[Event "C.to Regionale Sardegna"]
[Site "Capoterra ITA"]
[Date "2012.05.19"]
[Round "1"]
[White "Lussu, Andrea"]
[Black "Marano, Daniele"]
[WhiteElo "1413"]
[BlackElo "1727"]
[Result "0-1"]
[PlyCount "44"]
[EventDate "2012.05.19"]

1. e4 e5 2. Nf3 Nc6 3. Bc4 Nf6 4. d4 exd4 5. O-O Nxe4 6. Re1 d5 7. Bxd5 Qxd5 8.
Nc3 Qh5 9. Nxe4 Be6 10. Neg5 O-O-O 11. Bf4 Bd6 12. Qd2 Rhe8 13. Nxd4 Bxf4 14.
Qxf4 Rxd4 15. Qe3 Bd7 16. Qxe8+ Bxe8 17. Nf3 Rd8 18. h3 Nd4 19. Nxd4 Rxd4 20.
Rxe8+ Kd7 21. Rae1 Rd1 22. R8e7+ Kc6 0-1

[Event "C.to Regionale Sardegna"]
[Site "Capoterra ITA"]
[Date "2012.05.19"]
[Round "1"]
[White "Masala, Diego"]
[Black "Giordano, Giulia"]
[WhiteElo "1816"]
[BlackElo "1545"]
[Result "0-1"]
[PlyCount "106"]
[EventDate "2012.05.19"]

1. e4 d5 2. e5 Bf5 3. d4 e6 4. Nf3 c5 5. Be3 Qb6 6. b3 Nc6 7. c3 f6 8. Bd3 Bg4
9. exf6 Nxf6 10. dxc5 Bxc5 11. Bxc5 Qxc5 12. Qe2 O-O 13. Qe3 Qd6 14. Nbd2 e5
15. Bc2 d4 16. cxd4 exd4 17. Qd3 Rfe8+ 18. Kf1 Rad8 19. Nc4 Qf4 20. Qd2 Qc7 21.
Bd3 Bxf3 22. gxf3 b5 23. Na3 a6 24. Kg2 Qd6 25. Nc2 Nd5 26. Rhg1 Nf4+ 27. Kh1
Nxd3 28. Qxd3 Ne5 29. Qf5 Rf8 30. Qg5 Rd7 31. Rg3 Nxf3 32. Qg4 Qc6 33. Qh3 Ne1+
34. Kg1 Nxc2 35. Rc1 Rdf7 36. Qg4 Re8 37. f3 Re1+ 38. Rxe1 Nxe1 39. f4 Qc1 40.
Qe2 Nd3+ 41. Qf1 Qxf1+ 42. Kxf1 Nxf4 43. Ke1 Re7+ 44. Kd1 Re3 45. Rg5 Re2 46.
a4 bxa4 47. bxa4 Rxh2 48. Rc5 Rh1+ 49. Kd2 h5 50. Rc6 h4 51. Rxa6 h3 52. Ra8+
Kh7 53. Rf8 h2 0-1

[Event "C.to Regionale Sardegna"]
[Site "Capoterra ITA"]
[Date "2012.05.19"]
[Round "1"]
[White "Melis, Daniele"]
[Black "Puzzoni, Christian"]
[WhiteElo "1615"]
[BlackElo "2077"]
[Result "0-1"]
[PlyCount "46"]
[EventDate "2012.05.19"]

1. d4 c5 2. d5 e6 3. Nc3 Nf6 4. e4 d6 5. Bb5+ Bd7 6. Qe2 Be7 7. e5 dxe5 8. dxe6
fxe6 9. Qxe5 O-O 10. Bc4 Nc6 11. Bxe6+ Kh8 12. Qe3 Bxe6 13. Nf3 Bc4 14. Bd2 Nd4
15. O-O-O Ng4 16. Qe1 Bf6 17. Be3 Qb6 18. Nd2 Ne2+ 19. Kb1 Nxc3+ 20. Ka1 Bxa2
21. Rc1 Qa5 22. Bxc5 Qxc5 23. Nb1 Bxb1 0-1

[Event "C.to Regionale Sardegna"]
[Site "Capoterra ITA"]
[Date "2012.05.19"]
[Round "1"]
[White "Mereu, Matteo"]
[Black "Depau, Alessandro"]
[WhiteElo "1934"]
[BlackElo "1614"]
[Result "1/2-1/2"]
[PlyCount "88"]
[EventDate "2012.05.19"]

1. d4 Nf6 2. Nc3 d5 3. Bg5 Bf5 4. f3 c6 5. e3 Qa5 6. Bd3 Bxd3 7. Qxd3 Nbd7 8.
Nge2 e6 9. O-O c5 10. Bxf6 Nxf6 11. a3 c4 12. Qd2 Be7 13. e4 O-O 14. e5 Nd7 15.
f4 h6 16. f5 Bg5 17. Qd1 b5 18. Nf4 Qb6 19. Kh1 Qc6 20. Qg4 exf5 21. Qxf5 Nb6
22. Qg4 f5 23. Qh3 a6 24. Nce2 Nc8 25. Qf3 Ne7 26. Nh3 Qg6 27. Nxg5 hxg5 28.
Nc3 Qe6 29. Qh5 Qh6 30. Qxh6 gxh6 31. Rae1 Kf7 32. Nd1 Ke6 33. Nc3 Nc6 34. Ne2
a5 35. Ra1 b4 36. b3 c3 37. a4 f4 38. Rf3 Ne7 39. Raf1 Nf5 40. g3 Ne3 41. R1f2
Ng4 42. Rf1 Ne3 43. R1f2 Ng4 44. Rf1 Ne3 1/2-1/2

[Event "C.to Regionale Sardegna"]
[Site "Capoterra ITA"]
[Date "2012.05.19"]
[Round "1"]
[White "Moi, Federico"]
[Black "Putzolu, Marcello"]
[WhiteElo "1532"]
[BlackElo "1809"]
[Result "0-1"]
[PlyCount "46"]
[EventDate "2012.05.19"]

1. e4 c5 2. Nf3 d6 3. d4 cxd4 4. Nxd4 Nf6 5. Nc3 a6 6. Be2 e6 7. O-O Be7 8. Be3
O-O 9. h3 b5 10. a3 Bb7 11. Bf3 Nbd7 12. Nde2 Ne5 13. Ng3 Nxf3+ 14. Qxf3 d5 15.
Rad1 Qa5 16. exd5 Nxd5 17. Bd4 Qc7 18. Bxg7 Kxg7 19. Qg4+ Kh8 20. Nxd5 Bxd5 21.
Nh5 Qe5 22. f4 Qe3+ 23. Kh1 Rg8 0-1

[Event "C.to Regionale Sardegna"]
[Site "Capoterra ITA"]
[Date "2012.05.19"]
[Round "1"]
[White "Murtas, Paolo"]
[Black "Boi, Fausto"]
[WhiteElo "1518"]
[BlackElo "1783"]
[Result "0-1"]
[PlyCount "70"]
[EventDate "2012.05.19"]

1. d4 d5 2. Bg5 h6 3. Bh4 Nd7 4. e3 c6 5. Nf3 g5 6. Bg3 Qb6 7. Qc1 Ngf6 8. Nbd2
Nh5 9. Bd3 Nxg3 10. hxg3 f6 11. c4 e6 12. cxd5 exd5 13. Qc2 Bg7 14. Rc1 O-O 15.
Ke2 Re8 16. Bh7+ Kf8 17. Bg6 Qa6+ 18. Ke1 Re7 19. a3 Qb6 20. Bf5 Kg8 21. Bh7+
Kf8 22. Bf5 Qc7 23. Ke2 Nb6 24. Bxc8 Rxc8 25. Qh7 Ke8 26. Qg8+ Kd7 27. Qh7 Rce8
28. Qf5+ Kd8 29. b4 a6 30. Nb3 Nc4 31. Rxc4 dxc4 32. Nc5 Qc8 33. Qc2 f5 34.
Qxc4 f4 35. gxf4 gxf4 0-1

[Event "C.to Regionale Sardegna"]
[Site "Capoterra ITA"]
[Date "2012.05.19"]
[Round "1"]
[White "Serra, Emanuele"]
[Black "Pitzanti, Matteo"]
[WhiteElo "1848"]
[BlackElo "1598"]
[Result "1/2-1/2"]
[PlyCount "134"]
[EventDate "2012.05.19"]

1. c4 e6 2. Nf3 d5 3. d4 Nf6 4. Bg5 Be7 5. e3 O-O 6. Bd3 c6 7. Nbd2 Nbd7 8. h3
Re8 9. O-O c5 10. Rc1 Qb6 11. b3 Qd6 12. Bf4 Qb6 13. Nb1 Bd6 14. Ne5 Qc7 15.
Nc3 a6 16. Nxd7 Nxd7 17. Bxd6 Qxd6 18. cxd5 exd5 19. dxc5 Nxc5 20. Nxd5 Nxd3
21. Qxd3 Rd8 22. Rfd1 Bd7 23. Rc7 Bb5 24. Qf5 Qxc7 25. Nxc7 Rxd1+ 26. Kh2 Rad8
27. Nxb5 R1d5 28. Qg4 Rxb5 29. Qc4 h6 30. a4 Rbd5 31. Kg3 Rg5+ 32. Kf3 Rd6 33.
Qc8+ Kh7 34. Qxb7 Rf6+ 35. Ke2 Rgg6 36. Qe4 Re6 37. Qb7 Rc6 38. Qxf7 Rxg2 39.
Qf5+ Rgg6 40. h4 Rcf6 41. Qd3 Kg8 42. Qd7 Rd6 43. Qe8+ Kh7 44. Qe4 Rde6 45. Qd3
Rd6 46. h5 Rxd3 47. hxg6+ Kxg6 48. Kxd3 h5 49. Ke2 Kf6 50. Kf3 Ke5 51. b4 Kd5
52. b5 axb5 53. axb5 Kc5 54. Kg3 Kxb5 55. f4 Kc5 56. e4 Kd4 57. e5 Kd5 58. Kh4
g6 59. Kg5 Ke6 60. Kxg6 h4 61. f5+ Kxe5 62. f6 h3 63. f7 h2 64. f8=Q h1=Q 65.
Qe7+ Kd4 66. Qd6+ Qd5 67. Qxd5+ Kxd5 1/2-1/2

[Event "C.to Regionale Sardegna"]
[Site "Capoterra ITA"]
[Date "2012.05.19"]
[Round "1"]
[White "Sonis, Francesco"]
[Black "Erriu, Giampiero"]
[WhiteElo "1463"]
[BlackElo "1739"]
[Result "1-0"]
[PlyCount "91"]
[EventDate "2012.05.19"]

1. e4 d5 2. exd5 Qxd5 3. Nc3 Qd6 4. d3 Nf6 5. Nf3 Bg4 6. Be2 c6 7. Be3 e6 8. h3
Bxf3 9. Bxf3 Be7 10. Qd2 Nbd7 11. O-O Ne5 12. Be2 O-O 13. Bf4 Nd5 14. Ne4 Qc7
15. Bh2 c5 16. f4 Nd7 17. c3 Qd8 18. Ng3 f5 19. Bf3 Rb8 20. Rfe1 Rf6 21. Rxe6
Nc7 22. Rxf6 Nxf6 23. Nxf5 Bf8 24. Ne3 b5 25. f5 Bd6 26. Nf1 Bxh2+ 27. Nxh2 Qd6
28. Re1 Rd8 29. Rd1 h6 30. Qc2 Re8 31. Qb3+ Kh8 32. Qa3 a6 33. d4 b4 34. cxb4
cxb4 35. Qd3 Qf4 36. d5 Re3 37. Qd2 Nb5 38. d6 Nd7 39. Bc6 Nxd6 40. Nf1 Nc4 41.
Qxd7 Ne5 42. Qe8+ Kh7 43. Nxe3 Qxe3+ 44. Kh1 Qc5 45. Be4 Qc7 46. f6+ 1-0

[Event "C.to Regionale Sardegna"]
[Site "Capoterra ITA"]
[Date "2012.05.19"]
[Round "1"]
[White "Sonis, Luca"]
[Black "Palmas, Alessandro"]
[WhiteElo "1548"]
[BlackElo "1823"]
[Result "0-1"]
[PlyCount "54"]
[EventDate "2012.05.19"]

1. e4 e5 2. Nf3 Nc6 3. Be2 Nf6 4. Nc3 Bc5 5. O-O d6 6. d3 h6 7. Be3 Bb6 8. Bxb6
axb6 9. a3 O-O 10. Na2 Re8 11. Nc3 Bd7 12. d4 exd4 13. Nxd4 Nxe4 14. Nxe4 Rxe4
15. Nb3 Qf6 16. Rb1 Rae8 17. Bd3 R4e7 18. Qd2 Ne5 19. Qc3 Bc6 20. f3 Qg5 21.
Bc4 Nxc4 22. Qxc4 Bb5 23. Qc3 Bxf1 24. Kxf1 Re2 25. g4 Qh4 26. Qd4 Qh3+ 27. Kg1
Qg2# 0-1

[Event "C.to Regionale Sardegna"]
[Site "Capoterra ITA"]
[Date "2012.05.19"]
[Round "1"]
[White "Sorcinelli, Andrea"]
[Black "Carucci, Bruno"]
[WhiteElo "1756"]
[BlackElo "1504"]
[Result "1-0"]
[PlyCount "97"]
[EventDate "2012.05.19"]

1. d4 Nf6 2. Nf3 e6 3. g3 g6 4. Bg2 c6 5. c4 Bg7 6. Nc3 O-O 7. e4 d5 8. cxd5
cxd5 9. e5 Ne8 10. O-O Nc6 11. Bg5 f6 12. exf6 Nxf6 13. Re1 Qb6 14. Qb3 Na5 15.
Qxb6 axb6 16. Ne5 Nc6 17. Nxc6 bxc6 18. Bh3 Re8 19. a3 b5 20. Rad1 Bd7 21. Bg2
Re7 22. h3 Bc8 23. Na2 Rc7 24. Bf4 Rd7 25. Nb4 Bb7 26. Rc1 Rc8 27. Rxe6 Ne4 28.
Bxe4 dxe4 29. Nc2 c5 30. dxc5 Bxb2 31. Rb1 Bg7 32. Rd6 Re7 33. Be3 Be5 34. Rdd1
Bc6 35. Nb4 Rec7 36. Nxc6 Rxc6 37. Rxb5 Ra8 38. Rb4 Rf8 39. Rxe4 Bxg3 40. fxg3
Rf3 41. Kg2 Rf8 42. Rd6 Rcc8 43. Re7 Rb8 44. Rb6 Rfc8 45. Rxb8 Rxb8 46. c6 Rb3
47. c7 Rc3 48. Re8+ Kg7 49. c8=Q 1-0

[Event "C.to Regionale Sardegna"]
[Site "Capoterra ITA"]
[Date "2012.05.19"]
[Round "1"]
[White "Toniolo, Massimo"]
[Black "Picciau, Marta"]
[WhiteElo "1785"]
[BlackElo "1521"]
[Result "0-1"]
[PlyCount "82"]
[EventDate "2012.05.19"]

1. d4 d5 2. c4 e6 3. Nc3 c6 4. e3 Bd6 5. Nf3 Nd7 6. cxd5 exd5 7. Bd3 Ngf6 8.
Qc2 O-O 9. O-O Re8 10. e4 dxe4 11. Nxe4 Nxe4 12. Bxe4 h6 13. Be3 Nf6 14. Bd3
Nd5 15. Qd2 Qc7 16. h3 Bd7 17. a3 Rad8 18. Bxh6 gxh6 19. Qxh6 Be6 20. Ng5 Bf4
21. Bh7+ Kh8 22. Bg6+ Kg8 23. Bh7+ Kh8 24. Bg6+ Kg8 25. Qh7+ Kf8 26. Nxf7 Bxf7
27. Qh8+ Ke7 28. Rfe1+ Kd6 29. Rxe8 Rxe8 30. Qh5 Bxg6 31. Qxg6+ Kd7 32. g3 Bd6
33. h4 Re6 34. Qf5 Ne7 35. Qf7 Re4 36. Rd1 Qb6 37. h5 Re6 38. g4 Qxb2 39. g5
Qe2 40. Rb1 Qg4+ 41. Kf1 Qh3+ 0-1

[Event "C.to Regionale Sardegna"]
[Site "Capoterra ITA"]
[Date "2012.05.20"]
[Round "2"]
[White "Altea, Alessandro"]
[Black "Sonis, Francesco"]
[WhiteElo "1846"]
[BlackElo "1463"]
[Result "1-0"]
[PlyCount "49"]
[EventDate "2012.05.19"]

1. e4 e5 2. Nc3 Nf6 3. Bc4 d6 4. d3 Be7 5. f4 exf4 6. Bxf4 Bg4 7. Nge2 Nbd7 8.
h3 Bxe2 9. Qxe2 Nb6 10. Bb3 a5 11. a3 a4 12. Ba2 O-O 13. O-O-O Re8 14. g4 h6
15. h4 Nh7 16. g5 hxg5 17. hxg5 Bxg5 18. Bxg5 Qxg5+ 19. Kb1 d5 20. Rdg1 Qe5 21.
Rh5 Qf6 22. Qh2 g6 23. Rxh7 Re7 24. Bxd5 Rf8 25. Rh1 1-0

[Event "C.to Regionale Sardegna"]
[Site "Capoterra ITA"]
[Date "2012.05.20"]
[Round "2"]
[White "Boi, Fausto"]
[Black "Ibba, Isacco"]
[WhiteElo "1783"]
[BlackElo "2207"]
[Result "0-1"]
[PlyCount "46"]
[EventDate "2012.05.19"]

1. e4 Nf6 2. e5 Nd5 3. d4 d6 4. exd6 cxd6 5. Bc4 Nb6 6. Bb3 g6 7. Ne2 Bg7 8.
Be3 O-O 9. Qd2 Re8 10. Bh6 e5 11. Bxg7 Kxg7 12. d5 f5 13. Nbc3 N8d7 14. Nb5 Nc5
15. Rc1 a6 16. Na3 Ne4 17. Qe3 Nxd5 18. Qd3 Ndf6 19. Rd1 Qa5+ 20. c3 Be6 21. f3
Nc5 22. Qxd6 Rad8 23. Qxe5 Rxd1+ 0-1

[Event "C.to Regionale Sardegna"]
[Site "Capoterra ITA"]
[Date "2012.05.20"]
[Round "2"]
[White "Cao, Carlo"]
[Black "Moi, Federico"]
[WhiteElo "1573"]
[BlackElo "1532"]
[Result "1-0"]
[PlyCount "119"]
[EventDate "2012.05.19"]

1. e4 e5 2. Nf3 Nc6 3. d4 exd4 4. Bc4 Nf6 5. O-O Be7 6. e5 Ne4 7. Re1 d5 8.
exd6 Nxd6 9. Bd5 Bd7 10. Bg5 f6 11. Bf4 Nf7 12. Qe2 Nce5 13. Bxf7+ Kxf7 14.
Bxe5 fxe5 15. Nxe5+ Kf8 16. Qc4 Be8 17. Re4 Bf6 18. Nd2 Bxe5 19. Rxe5 Qf6 20.
Rae1 Bc6 21. Nb3 Qg6 22. Qc5+ Kg8 23. Rg5 Re8 24. Rxe8+ Qxe8 25. Qc4+ Qf7 26.
Qxf7+ Kxf7 27. Nxd4 Re8 28. h3 Be4 29. f3 Bg6 30. Kf2 Kf6 31. Rc5 c6 32. Ra5 a6
33. g4 Re5 34. Rxe5 Kxe5 35. c3 c5 36. Nb3 c4 37. Nd4 b5 38. Ke3 Be8 39. h4 h6
40. Nf5 Kf6 41. f4 Bd7 42. Ke4 Bc6+ 43. Ke3 Bd7 44. Ke4 Bc6+ 45. Kd4 Bf3 46.
Ne3 g5 47. fxg5+ hxg5 48. h5 Bb7 49. b3 cxb3 50. axb3 Bc6 51. c4 bxc4 52. bxc4
a5 53. Kc5 a4 54. Kb4 Bd7 55. c5 Bc6 56. Nd1 Bf3 57. Nf2 Bc6 58. Ka3 Bd7 59.
Ne4+ Ke5 60. h6 1-0

[Event "C.to Regionale Sardegna"]
[Site "Capoterra ITA"]
[Date "2012.05.20"]
[Round "2"]
[White "Carucci, Bruno"]
[Black "Di Pinto, Vincenzo"]
[WhiteElo "1504"]
[BlackElo "1609"]
[Result "1-0"]
[PlyCount "57"]
[EventDate "2012.05.19"]

1. d4 Nf6 2. c4 e6 3. Nc3 d5 4. Nf3 Be7 5. e3 O-O 6. Bd3 c5 7. O-O Nc6 8. cxd5
exd5 9. a3 c4 10. Be2 a6 11. Qc2 Bg4 12. Ne1 Qd7 13. Bxg4 Qxg4 14. Nf3 h6 15.
Re1 b5 16. h3 Qd7 17. e4 dxe4 18. Nxe4 Nd5 19. Nc5 Qc7 20. Be3 Na5 21. Re2 Bxc5
22. dxc5 Nb3 23. Rd1 Nxe3 24. Rxe3 Nxc5 25. Qf5 Nd3 26. Ne5 Nxb2 27. Rd7 Qc5
28. Rf3 f6 29. Qg6 1-0

[Event "C.to Regionale Sardegna"]
[Site "Capoterra ITA"]
[Date "2012.05.20"]
[Round "2"]
[White "Corona, Rafaele"]
[Black "Lussu, Andrea"]
[WhiteElo "1620"]
[BlackElo "1413"]
[Result "1-0"]
[PlyCount "59"]
[EventDate "2012.05.19"]

1. e4 e5 2. Nf3 Nc6 3. Bc4 Bc5 4. c3 d6 5. d4 exd4 6. cxd4 Bb4+ 7. Nc3 Nf6 8.
Bg5 h6 9. Bxf6 Qxf6 10. Qd3 Bd7 11. O-O O-O 12. Nd5 Qg6 13. e5 Bf5 14. Qb3 Bh3
15. Nf4 Qg4 16. Nxh3 dxe5 17. Nxe5 Nxe5 18. dxe5 Be7 19. e6 f6 20. Rad1 b5 21.
Qxb5 Rab8 22. Qd7 Rbd8 23. Qa4 Rb8 24. Rd7 Rb4 25. Qd1 Qxc4 26. Rxe7 Rxb2 27.
Qd7 Qxf1+ 28. Kxf1 Rb1+ 29. Ke2 Rb2+ 30. Kd3 1-0

[Event "C.to Regionale Sardegna"]
[Site "Capoterra ITA"]
[Date "2012.05.20"]
[Round "2"]
[White "Depau, Alessandro"]
[Black "Serra, Emanuele"]
[WhiteElo "1614"]
[BlackElo "1848"]
[Result "1/2-1/2"]
[PlyCount "110"]
[EventDate "2012.05.19"]

1. Nf3 f5 2. d4 Nf6 3. Bf4 e6 4. Nc3 c6 5. e3 d5 6. Bd3 Be7 7. h3 O-O 8. g4 Ne4
9. Bxe4 fxe4 10. Ne5 Bd7 11. Qe2 Be8 12. O-O-O b5 13. f3 exf3 14. Nxf3 b4 15.
Nb1 Nd7 16. Qa6 g5 17. Qxc6 gxf4 18. exf4 Rxf4 19. Qxe6+ Bf7 20. Qe3 Re4 21.
Qh6 Qb6 22. Qd2 Rc8 23. Rde1 Bg6 24. c3 bxc3 25. Nxc3 Bb4 26. Qg5 Qe6 27. Kd2
Bxc3+ 28. bxc3 Qc6 29. Rc1 Qc4 30. Rh2 Qxa2+ 31. Rc2 Re2+ 32. Rxe2 Qxc2+ 33.
Ke1 Qxc3+ 34. Kf2 Qc6 35. h4 Nf6 36. Ne5 Qc1 37. Nxg6 Qxg5 38. hxg5 Nxg4+ 39.
Kg3 hxg6 40. Kxg4 Rc4 41. Rd2 Rc7 42. Kf4 Re7 43. Ra2 Rf7+ 44. Ke5 Rf5+ 45. Ke6
Rxg5 46. Rxa7 Rg1 47. Kxd5 g5 48. Ke4 g4 49. Kf4 g3 50. Kf3 Kf8 51. d5 Ke8 52.
Rg7 Rf1+ 53. Ke2 Rf2+ 54. Ke3 Rg2 55. Kf3 Rd2 1/2-1/2

[Event "C.to Regionale Sardegna"]
[Site "Capoterra ITA"]
[Date "2012.05.20"]
[Round "2"]
[White "Erriu, Giampiero"]
[Black "Murtas, Paolo"]
[WhiteElo "1739"]
[BlackElo "1518"]
[Result "1/2-1/2"]
[PlyCount "94"]
[EventDate "2012.05.19"]

1. d4 Nf6 2. c4 g6 3. Nc3 Bg7 4. e4 d6 5. Be2 O-O 6. Nf3 e5 7. O-O Nc6 8. d5
Ne7 9. Bg5 h6 10. Bd2 Nd7 11. Qc1 Kh7 12. h3 f5 13. Nh2 f4 14. g3 g5 15. gxf4
gxf4 16. Qd1 Nf6 17. Ng4 Rg8 18. Kh2 Bxg4 19. Bxg4 Nxg4+ 20. Qxg4 Bf6 21. Qe2
Qd7 22. Rg1 Rxg1 23. Rxg1 Rg8 24. Rxg8 Kxg8 25. Qg4+ Qxg4 26. hxg4 a6 27. a4
Kf7 28. Be1 Ke8 29. f3 Kd7 30. Kh3 Ng6 31. b4 Be7 32. Bf2 Bd8 33. Na2 Be7 34.
Nc1 Bf6 35. Nd3 Ke7 36. Ne1 Kf7 37. Ng2 Kg7 38. b5 axb5 39. cxb5 b6 40. Ne1 Nf8
41. Bh4 Nd7 42. Bf2 Kg6 43. Nd3 Bd8 44. Nb4 h5 45. gxh5+ Kxh5 46. Nc6 Bf6 47.
Nb4 Bd8 1/2-1/2

[Event "C.to Regionale Sardegna"]
[Site "Capoterra ITA"]
[Date "2012.05.20"]
[Round "2"]
[White "Mallo', Danilo"]
[Black "Dessy, Eugenio"]
[WhiteElo "1921"]
[BlackElo "1662"]
[Result "1-0"]
[PlyCount "55"]
[EventDate "2012.05.19"]

1. d4 Nf6 2. c4 g6 3. Nc3 Bg7 4. Nf3 d6 5. g3 O-O 6. Bg2 c6 7. O-O Nbd7 8. b3
e5 9. Qc2 exd4 10. Nxd4 Qb6 11. Nf3 Re8 12. Bf4 d5 13. cxd5 cxd5 14. Rad1 Qc5
15. Qd3 Nb6 16. Be3 Rxe3 17. Qxe3 Qxe3 18. fxe3 Ng4 19. Nxd5 Nxd5 20. Rxd5 Nxe3
21. Rd8+ Bf8 22. Rc1 Bh3 23. Rxa8 Nxg2 24. Ng5 Bd7 25. Kxg2 Bc6+ 26. Kf1 Kg7
27. Rxa7 Bc5 28. Rxc5 1-0

[Event "C.to Regionale Sardegna"]
[Site "Capoterra ITA"]
[Date "2012.05.20"]
[Round "2"]
[White "Marano, Daniele"]
[Black "Lobina, Giulio"]
[WhiteElo "1727"]
[BlackElo "1837"]
[Result "0-1"]
[PlyCount "86"]
[EventDate "2012.05.19"]

1. e4 c5 2. Nf3 Nc6 3. Nc3 g6 4. d4 cxd4 5. Nxd4 Bg7 6. Be3 Qa5 7. Bc4 Nf6 8.
O-O Qb4 9. Bb3 O-O 10. a3 Qa5 11. Kh1 Qh5 12. Nxc6 dxc6 13. Qxh5 Nxh5 14. Rad1
Bxc3 15. bxc3 Ng7 16. h3 Be6 17. Bxe6 Nxe6 18. Rd7 b6 19. Rfd1 Rfd8 20. f4 Kf8
21. f5 Rxd7 22. Rxd7 gxf5 23. exf5 Ng7 24. g4 h5 25. Bh6 hxg4 26. hxg4 Ke8 27.
Rd3 Kf8 28. Kg2 f6 29. Kf3 Kf7 30. Bxg7 Kxg7 31. Rd7 Kf7 32. Kf4 a6 33. c4 c5
34. g5 fxg5+ 35. Kxg5 Rg8+ 36. Kf4 Rg2 37. Ke5 Rxc2 38. Kd5 b5 39. cxb5 axb5
40. Kc6 b4 41. a4 c4 42. Kb5 b3 43. a5 b2 0-1

[Event "C.to Regionale Sardegna"]
[Site "Capoterra ITA"]
[Date "2012.05.20"]
[Round "2"]
[White "Marchionni, Daniele"]
[Black "Caredda, Giuseppe"]
[WhiteElo "1395"]
[BlackElo "1577"]
[Result "0-1"]
[PlyCount "125"]
[EventDate "2012.05.19"]

1. e4 c5 2. Nf3 Nc6 3. Nc3 d6 4. Bc4 Bg4 5. h3 Bh5 6. O-O Ne5 7. Be2 Nc6 8. Bb5
Rc8 9. d4 a6 10. Bxc6+ Rxc6 11. d5 Rb6 12. Na4 Rb4 13. Nc3 Rd4 14. Qe2 Nf6 15.
Rd1 Bxf3 16. Qxf3 Rxd1+ 17. Nxd1 Qa5 18. Qe2 Qb4 19. Nc3 g6 20. a3 Qd4 21. Be3
Qe5 22. f4 Qh5 23. Qxh5 Nxh5 24. Kf2 Kd7 25. g4 Nf6 26. e5 Ne8 27. Ne4 h5 28.
e6+ fxe6 29. dxe6+ Kxe6 30. Ng5+ Kf6 31. Ne4+ Kg7 32. g5 Nc7 33. c4 Kf7 34. Bd2
Ne6 35. Be3 Bg7 36. Rb1 Rb8 37. b4 cxb4 38. axb4 Rc8 39. Rc1 Bd4 40. Bxd4 Nxd4
41. Rc3 Ne6 42. Ke3 Ng7 43. c5 Nf5+ 44. Kd3 d5 45. Nf2 Rc6 46. Nd1 Re6 47. Kd2
Re4 48. c6 bxc6 49. Rxc6 Rxb4 50. Rxa6 Rxf4 51. Ra3 Nd4 52. Kc1 Rf3 53. Rxf3+
Nxf3 54. Nc3 e6 55. Kd1 Nxg5 56. h4 Nf3 57. Ke2 Nxh4 58. Ke3 Nf5+ 59. Kf4 Kf6
60. Ne2 g5+ 61. Kf3 e5 62. Ng3 Nxg3 63. Kxg3 0-1

[Event "C.to Regionale Sardegna"]
[Site "Capoterra ITA"]
[Date "2012.05.20"]
[Round "2"]
[White "Murtas, Gianvito"]
[Black "Sonis, Luca"]
[WhiteElo "1730"]
[BlackElo "1548"]
[Result "1-0"]
[PlyCount "57"]
[EventDate "2012.05.19"]

1. e4 e5 2. f4 d6 3. Nf3 Nc6 4. Bc4 Be7 5. Nc3 Nf6 6. O-O O-O 7. d3 Be6 8. Bb3
Bg4 9. h3 Bh5 10. g4 Nxg4 11. hxg4 Bxg4 12. Qe1 Bxf3 13. Rxf3 Nd4 14. Rh3 Bh4
15. Qf1 c6 16. Be3 c5 17. Bxd4 cxd4 18. Nd5 exf4 19. Qxf4 Bg5 20. Qg4 g6 21.
Rf1 Kg7 22. Rhf3 h5 23. Qh3 Bh4 24. Nf4 Bg5 25. Nxh5+ gxh5 26. Rxf7+ Rxf7 27.
Rxf7+ Kg6 28. Qf5+ Kh6 29. Rh7# 1-0